| 000 | 00443nam a2200169Ia 4500 | ||
|---|---|---|---|
| 005 | 20250423094513.0 | ||
| 008 | 250422s9999 xx 000 0 und d | ||
| 020 | _a0- 201- 71159- 1 | ||
| 050 | _aQA 76.76 .E95/ | ||
| 100 | _aMichael Negnevitsky | ||
| 245 | 0 | _aArtificial Intelligence: a guide to intelligent systems | |
| 260 | _bAddison Wesley | ||
| 260 | _c2001 | ||
| 300 | _a394 p | ||
| 650 | _aArtificial intelligence | ||
| 942 | _cBK | ||
| 999 |
_c27433 _d27433 |
||